000 00867nam a2200253Ia 4500
003 CO-CtgCURN
005 20250403203323.0
008 190723s9999 xx 000 0 und d
020 _a9586906582
040 _aCO-CtgCURN
_bspa
_ccoctgcurn
082 _a346.07
_bL435d
100 _aLeal Pérez, Hildebrando
245 0 _aDerecho de sociedades comerciales :
_bpartes general y especial /
_cHildebrando Leal Pérez
250 _a5 edición
260 _aBogotá, Colombia :
_bLeyer,
_c2004
300 _a808 páginas ;
_c23 centímetros
521 _aAREA PROFESIONAL
590 _aPrograma de Derecho_18
650 _aDerecho comercial
650 _aDerecho de sociedades
942 _cBK
_h346.07
_iL435d
_01
999 _c29366
_d29366